Benchmarking for best practice : continuous learning through sustainable innovation
Αποθηκεύτηκε σε:
| Κύριος συγγραφέας: | |
|---|---|
| Μορφή: | Βιβλίο |
| Γλώσσα: | English |
| Δημοσίευση: |
Oxford :
Butterworth - Heinemann,
1996
|
| Θέματα: | |
| Ετικέτες: |
Προσθήκη ετικέτας
Δεν υπάρχουν, Καταχωρήστε ετικέτα πρώτοι!
|
MARC
| LEADER | 00000nam a2200000 i 4500 | ||
|---|---|---|---|
| 001 | 1/65272 | ||
| 008 | 980820s1996 eng d | ||
| 020 | |a 0750639482 | ||
| 035 | |l 10029598 | ||
| 040 | |a GR-MY-UA |b gre |e aacr | ||
| 041 | 0 | |a eng | |
| 082 | 0 | |a 658.562 | |
| 100 | 1 | |a Zairi, Mohamed. | |
| 245 | 1 | 0 | |a Benchmarking for best practice : |b continuous learning through sustainable innovation / |c Mohamed Zairi |
| 260 | |a Oxford : |b Butterworth - Heinemann, |c 1996 | ||
| 300 | |a x, 496 p. | ||
| 504 | |a Includes index | ||
| 650 | 0 | 0 | |a Benchmarking (Management) |
| 852 | |a INST |b CHIOS |e 19980820 |h 658.562 ZAI |p 005200015871 |q 005200015871 |t BK |y 0 | ||
| 852 | |a INST |b LESVOS |e 20000223 |h 658.562 ZAI |p 005100021406 |q 005100021406 |t BK |y 4 |x 20000316 | ||
| 901 | |a BIBL-1998-2 | ||
| 909 | |a Χ |b 058847 | ||
| 909 | |a Λ |b 075506 | ||
| 920 | |a ΕΡΓΑΣΤΗΡΙΟ ΠΟΛΙΤΙΣΜΙΚΗΣ ΕΠΙΚΟΙΝΩΝΙΑΣ ΚΑΙ ΤΕΚΜΗΡΙΩΣΗΣ |y ΛΕΣΒΟΣ |z 2000-02 | ||
| 922 | |a 2ΕΛΗ |b 199807 |c ΤΔΕ |d ΠΑΠΑΣΩΤΗΡΙΟΥ | ||